000 00685nam a2200253Ia 4500
003 OSt
005 20220924132008.0
006 a|||||r|||| 00| 0
007 ta
008 220923b |||||||| |||| 00| 0 tel d
020 _cRs.3
024 _a340794
037 _cTextual
040 _aARTS
_cARTS
_btel
041 _2tel
_atel
082 _aO35,3x, L1
100 _aTirumala Rama Chandra Au.
_9185684
245 0 _aNudi-Nanudi
260 _aVijayawada-2
_bVishal Andhra Publishing House India
_c1971
300 _a186p.
_ccm.
650 _aTELUGU LITERATURE
942 _hO35,3x, L1
_cTEXL
_2CC
999 _c428937
_d428937